00955 a2200169 45000010006000000050017000060080041000230030015000640400040000790800038001192450026001572640075001833000019002585050481002770410008007581000019007663989120260407155655.0260407a1967 arg spa dAR-UNSa-BCEJYS aAR-UNSa-BCEJYSbspacAR-UNSa-BCEJYS a630*2(82)xSilvicultura Argentina10aLa argentina forestal 1aBuenos Aires :bEUDEBA (Editorial Universitaria de Buenos Aires)c1967 a240 p.c23 cm. a1. El patrimonio forestal argentino - 2. Los bosques espontáneos de la argentina - 3. Descripción de las regiones forestales argentinas - 4. Características de los bosques espontáneos argentinos - 5. Los recursos madereros argentinos - 6. La obtención de materia prima forestal en bosques argentinos - 7. La economía forestal argentina - 8. Las industrias forestales de la argentina - 9. La administració forestal argentina - 10. El problema forestal argentino.  aspa1 aCozzo, Domingo